000 00409pab a2200157 454500
008 180718b2001 xxu||||| |||| 00| 0 eng d
100 _aBatta, R.N.
245 _aEnvironmental policy in developing countries: some fundamental issues
260 _c2001
300 _ap.7-22
362 _aDec
650 _aEnvironmental policy
700 _aBhatti, J.P.
773 _aMan and Development
909 _a51560
999 _c51560
_d51560